| 000 | 00999cam a2200265Ma 4500 | ||
|---|---|---|---|
| 999 |
_c84334 _d321611 |
||
| 001 | 45868953 | ||
| 003 | OCoLC | ||
| 005 | 20221101154512.0 | ||
| 008 | 010126m2005 enk 000 0 eng d | ||
| 020 | _a9781413006162 | ||
| 040 |
_aMa-Un _cMa-Un |
||
| 082 | 0 | 4 |
_a428.34 _bMML _221 |
| 100 | 1 |
_aMcVey-Gill, Mary _9109782 |
|
| 245 | 1 | 0 |
_aListening & speaking _cMary McVey Gill, Pamela Hartmann. |
| 260 |
_aUnited Kingdom : _bHeinle & Heinle, _c2005- |
||
| 300 |
_a244 p. _bill. ; _c26 cm |
||
| 490 | 1 | _aTapestry | |
| 505 | 1 | _a1 / Cheryl Benz, Kara Dworak -- 2 /Mary McVey Gill, Pamela Hartmann -- 3 / Karen Carlisi, Susana Christie -- 4 / Helen Kalkstein Fragiadakis, Virginia Maurer | |
| 650 | 0 |
_aEnglish language _vTextbooks for foreign speakers _9109783 |
|
| 650 | 0 |
_aEnglish language _xSpoken English _vProblems, exercises, etc _95078 |
|
| 650 | 0 |
_aListening _vProblems, exercises, etc _95080 |
|
| 700 | 1 |
_aartmann, Pamela _9109784 |
|
| 942 |
_2ddc _cBOOK |
||
| 800 | 1 |
_aNeff, Henry H. _tTapestry _9109785 |
|